| 000 | 00000nam##2200000za#4500 |
| 001 | 9.661698 |
| 003 | CaOODSP |
| 005 | 20220328113332 |
| 007 | ta |
| 008 | 150407|2000||||xxc||||| f|0| 0 fre|d |
| 020 | |a0-662-64818-8 |
| 040 | |aCaOODSP|bfre |
| 041 | |aeng |
| 041 | |afre |
| 043 | |an-cn--- |
| 086 | 1 |aC2-486/2000-3 |
| 110 | 1 |aCanada. |bIndustrie Canada. |
| 245 | 10|aRescol canadien un apprentissage ouvert sur le monde : |bquestions sociales |
| 260 | |aOttawa - Ontario : |bIndustrie Canada |c2000. |
| 546 | |aBilingue |
| 563 | |aDépliant |
| 590 | |a00-29|b2000-07-21 |
| 691 | 07|aInternet|2gcpds |
| 691 | 07|aÉcole|2gcpds |
| 691 | 07|aRessources pédagogiques|2gcpds |
| 776 | 0#|tCanada's SchoolNet - learning without boundaries : |w(CaOODSP)9.695758 |
| 776 | 0#|tRescol canadien - un apprentissage ouvert sur le monde : |w(CaOODSP)9.639880 |
| 791 | |tCanada's SchoolNet learning without boundaries : |eeng|w(CaOODSP)9.661697 |